| 000 | 00722nam a2200193 i 4500 | ||
|---|---|---|---|
| 001 | 70814 | ||
| 003 | ES-MaACL | ||
| 005 | 20230906170930.0 | ||
| 007 | t| | ||
| 008 | 040803s1947 sp ||||1| spa d | ||
| 100 | 1 |
_aGarrido García, Alfredo. _955702 |
|
| 245 | 1 | 0 |
_aContestaciones al programa de asistencia pública domiciliaria / _cpor A. Garrido García y J. Herrero Quintero. |
| 260 |
_aMadrid : _b[s.n.], _c1947 ( _fGráf. Mog) |
||
| 300 |
_a2 v. ; _c21 cm. |
||
| 505 | 1 | _aContiene: 1. Cirugía y 10 primeros temas de medicina (567 p.) - 3. Higiene y legislación (456 p.) | |
| 650 | 4 |
_aMedicina- _xContestaciones para oposiciones. _914896 |
|
| 700 | 1 |
_aHerrero Quintero, J. _963339 |
|
| 852 | 4 |
_aES-MaACL _jP-868-bis |
|
| 999 |
_c70814 _d70814 |
||